El Calafate : cuento / Ofelio A. Martín cuento / Ofelio A. Martín
Descripción Física:
28 p. : il. ; 21 cm
Otros Autores:
Casa de Ceuta Virgen de Africa en Barcelona
Materias:
Calafat -- Narrativa
MARC
| LEADER | 00000nam a2200000Ia 4500 | ||
|---|---|---|---|
| 001 | 19277 | ||
| 008 | 160829s9999 xx 000 0 cat d | ||
| 080 | |a FU-3-41 | ||
| 100 | |a Martín, Ofelio A. |9 43252 | ||
| 245 | |a El Calafate : |b cuento / Ofelio A. Martín | ||
| 260 | |a Barcelona : |b Casa de Ceuta en Barcelona, [s.a.] | ||
| 300 | |a 28 p. : |b il. ; |c 21 cm | ||
| 490 | |a Cuadernos de la Casa de Ceuta. Colección Narrativa ; 1 | ||
| 590 | |a Amb la col·laboració de la Diputació de Barcelona | ||
| 650 | |a Calafat |x Narrativa |9 43253 | ||
| 700 | |a Casa de Ceuta Virgen de Africa en Barcelona |9 43254 | ||
| 901 | |a Arxiu | ||
| 942 | |n 1 | ||
| 952 | |0 0 |1 0 |4 0 |6 FU341 |7 1 |9 51303 |a Arxiu |b Arxiu |d 2016-12-01 |l 0 |o FU-3-41 |p 19277 |r 2016-12-01 00:00:00 |w 2016-12-01 |y ARXIU | ||
| 999 | |c 55147 |d 55147 | ||